000 00516nam a2200181Ia 4500
999 _c833
_d833
003 OSt
005 20201217112223.0
008 190216s9999||||xx |||||||||||||| ||und||
020 _a9788178984834
040 _coclc
082 _a492.73
_bRAS/G
100 _aRashid, M Harun
_94584
245 0 _aGoodword English Arabic Dictionary /
_cM Harun Rashid
260 _bGood Word Books,
_c2011.
_aNew Delhi:
300 _a824p
650 _aArabic
942 _cREF
_2ddc
_h492.73
_iRAS/G
_k492.73
_mRAS/G